|
|
|
|
| LEADER |
01291nam a22003492i 4500 |
| 001 |
001592136 |
| 003 |
CZ BrMZK |
| 005 |
20171220140739.0 |
| 007 |
ta |
| 008 |
170830s1958 gw er|||||||||||ger d |
| 040 |
|
|
|a BOA001
|b cze
|e rda
|
| 043 |
|
|
|a e-gx---
|
| 072 |
|
7 |
|a 618
|x Gynekologie. Porodnictví
|2 Konspekt
|9 14
|
| 080 |
|
|
|a 618.39
|2 MRF
|
| 080 |
|
|
|a 614.212:614.21
|2 MRF
|
| 080 |
|
|
|a (430)
|2 MRF
|
| 080 |
|
|
|a (043.3)
|2 MRF
|
| 100 |
1 |
|
|a Vogel, Hans Georg
|4 dis
|
| 245 |
1 |
0 |
|a Vergleichende Untersuchung des Abortmaterials aus der Frauenklinik der Freien Universität Berlin im Städtischen Krankenhaus Moabit aus den Jahren 1948-1952 (1000 Fälle) u. 1953-1957 (848 Fälle) /
|c Hans Georg Vogel
|
| 264 |
|
1 |
|a Berlin :
|b Hans Georg Vogel,
|c 1958
|
| 300 |
|
|
|a 25 stran
|
| 336 |
|
|
|a text
|b txt
|2 rdacontent
|
| 337 |
|
|
|a bez média
|b n
|2 rdamedia
|
| 338 |
|
|
|a svazek
|b nc
|2 rdacarrier
|
| 502 |
|
|
|a Disertace--Freie Universität Berlin, 1958
|
| 650 |
0 |
7 |
|a potrat
|7 ph136813
|2 czenas
|
| 650 |
0 |
7 |
|a kliniky nemocnic
|7 ph871006
|z Německo
|y 20. století
|2 czenas
|
| 710 |
2 |
|
|a Freie Universität Berlin
|7 kn20010710196
|4 isb
|
| 910 |
|
|
|a BOA001
|b X-0654.200
|
| 990 |
|
|
|a BK
|
| 991 |
|
|
|b 201708
|
| 996 |
7 |
|
|b 2618912884
|c X-0654.200
|l MZK
|r Sklad / do 24 hodin
|n 0
|w 001627503
|u 000010
|a 1
|e BOA001
|j MZK50
|s A
|